000 00706nam a22002057a 4500
003 0
005 20160609170725.0
008 110714t xxu||||| |||| 00| 0 eng d
020 _a0-7923-7100-3
040 _aBUAC
_bFre
_cBUC
041 _aEng
100 _aKeyser, Véronique de
_917698
245 _aError Prevention and Well-Being at Work in Western Europe and Russia :
_bPsychological Traditions and New Trends
_cEd. by Véronique De Keyser, Anna B. Leonova
260 _aBoston
_bEd. Kluwer
_c2001
300 _a363p.
_c24 cm
504 _aComprend : Bibliogr. p. 213 - 243 ; Glossaire p. 245 - 255
630 _aPSYCHOLOGIE
_917699
650 _aComportement : psychologie
_917700
942 _cLIVR
999 _c49527
_d49527